Datum a čas kvízu
25.5
Celkem bodů
Celkový počet nahraných bodů na tomto kvízu bez doplňovacích otázek.
11.
Pořadí na kvízu
Konečné umístění týmu na tomto kvízu.
Zaznamenané odpovědi
| # | Otázka | Odpověď | Body | Výsledky |
|---|---|---|---|---|
| 1. | Premiér Fiala se při své návšt... | Horáková | 1 | |
| 2. | V minulém týdnu se objevila zp... | A | 0 | |
| 3. | Ve čtvrtek proběhlo předávání... | Hella, Alena Machoninová | 0 | |
| 4. | Automobilka Alfa Romeo se rozh... | Milano | 0 | |
| 5. | 21letý litevský reprezentant M... | C) hod diskem | 1 | |
| 6. | Bolívie má, stejně jako několi... | Sucre; La Paz | 0 | |
| 7. | Které evropské hlavní město se... | Oslo | 0 | |
| 8. | Zatímco některé země mají hlav... | o Nauru | 0 | |
| 9. | Které malebné a nepříliš lidna... | Lublaň | 0 | |
| 10. | Kazachstán drží rekord v přejm... | Astana; Nur-Sultan | 1 |